| 000 | 01215nam a22002657a 4500 | ||
|---|---|---|---|
| 005 | 20170124103151.0 | ||
| 010 | _aA-932197 | ||
| 020 |
_c250.00 _a8186120424 |
||
| 035 | _aA-932197 | ||
| 037 | _bCen Lib/Ret | ||
| 040 |
_aDPL _bHN |
||
| 082 |
_a170.954 _bशुकदे |
||
| 100 |
_aशुकदेव शास्त्री _987974 |
||
| 245 |
_aभारतीय नीतिदर्शन / _cशुकदेव शास्त्री |
||
| 246 |
_aBhartiya nitidarshan / _bby Shukdev Shastri |
||
| 260 |
_aजयपुर _bहंसा प्रकाशन _c1997 |
||
| 270 |
_a57, नाटाणी भवन, रास्ता _bजयपुर _e302001 |
||
| 300 |
_a264पृ. _c21सेमी (सजिल्द) |
||
| 500 | _aसन्दर्भ सूची और परिशिष्ट शामिल | ||
| 650 |
_aनिति और नीतिशास्त्र--भारत _987975 |
||
| 650 |
_aमनोविज्ञान--भारतीय निति परमपरा _987976 |
||
| 650 |
_aPolicy and Ethics - India _987977 |
||
| 650 |
_aPsychology--Indian policy legacy _987978 |
||
| 942 |
_2ddc _cHN _h170.954 _mशुकदे |
||
| 999 |
_c119985 _d119985 |
||